000 00784nam a2200229 i 4500
003 IT-RoINE
005 20160215102315.0
008 990701s1949 sp r 0 1 spa d
040 _aSpMaBN
_cCDM IT-RoINE
_dIT-RoINE
100 1 _aTimoneda, Juan de,
_dca. 1518-1583
_922615
245 1 3 _aEl patrañuelo /
_cJuan Timoneda ; edición, prólogo y notas de Federico Ruiz Morcuende.
260 _aMadrid :
_bEspasa-Calpe,
_c1949.
300 _aLX, 223 p. ;
_c19 cm.
336 _2rdacontent
_atext
337 _2rdamedia
_aunmediated
338 _2rdacarrier
_avolume
490 1 _aClásicos castellanos ;
_v101
504 _aBibliografía: LI-LX.
700 1 _aRuiz Morcuende, Federico,
_922570
_dn. 1890
830 0 _922520
_aClásicos castellanos (Espasa-Calpe) ;
_v101
942 _cMTS
999 _c10979
_d10979